South African History - Statistics

General Stats
  • This quiz has been taken 21 times
  • The average score is 6 of 13
Answer Stats
Question Answer % Correct
Who was the famous Zulu king who built a powerful empire in the early 1800s? Shaka Zulu
85%
What year did Apartheid Begin officially? 1948
70%
What does “San” mean? People
65%
What animal is not part of the Big 5? Cheetah
55%
How many Official Languages does SA have? 11
50%
At what Stadium did South Africa win their first Rugby world cup? Ellis Park
50%
How many Voortrekkers faced the 15k+ Zulus in the battle of blood river? 464
45%
What Year was Nelson Mandela Released? 1990
40%
the largest gem-quality diamond ever found, was discovered in South Africa in 1905 — it weighed 3,106 carats. Pieces of it are in the British Crown Jewels. What is its name? The Cullinan Diamond
30%
Who is the first and only SA team to win the super rugby competition Bulls
25%
When was the last time South Africa hosted the F1? 1993
20%
Where was South Africa's nukes developed? Advena facility
15%
What European Country arrived in South Africa in the year 1688? France
0%
No matching quizzes found
Score Distribution
Percent of People with Each Score
Percentile by Number Answered
Your Score History
You have not taken this quiz